000 00625nam a2200181Ia 4500
003 GCL
008 140319s9999 xx 000 0 ara d
040 _aGCL /
_cGCL
082 0 4 _a612.015
_bد م
100 1 _aبلازيفيك،دوناج
245 1 0 _aمبادئ الاختبارات الكيميائية الحيوية فى علم الاحياء المجهرية التشخيصى /
_cبلازيفيك،دوناج
260 _aالعراق :
_bجامعة الموصل ،
_c1983
300 _a158 ص ؛
_c24 سم
490 _a
650 0 4 _aتعليم
650 0 4 _aالكيمياء الحيوية
942 _2ddc
_cBK
999 _c54387
_d54387